000 00279nam a22001337a 4500
008 170324b xxu||||| |||| 00| 0 eng d
020 _a9781570281495
041 _aeng
080 _a616.82
100 _a8
101 _aSHM
245 _aBOOK RULES
_cBROIDO.B
942 _2udc
_cBK
999 _c8607
_d8607